[Event "Coppa del Mondo FIDE 2025"]
[Site "Goa"]
[Date "11.11.2025"]
[Round "3A"]
[White "Liang, Awonder"]
[Black "Sargissian, Gabriel"]
[Result "1/2-1/2"]
[WhiteElo "2710"]
[BlackElo "2624"]
[EventDate "2025.11.01"]
[EventType "k.o."]

1. e4 e5 2. Nc3 Nf6 3. g3 Bc5 4. Bg2 Nc6 5. Nge2 a5 6. d3 d6 7. O-O Bd7 8.
h3 O-O 9. Kh2 h6 10. f4 a4 11. a3 Ra6 12. f5 Nd4 13. g4 Nh7 14. Ng3 f6 15.
Nce2 Be8 16. Nxd4 Bxd4 17. c3 Bb6 18. d4 Bf7 19. Qd3 Re8 20. d5 Bc5 21. Bd2
Rb6 22. Qc2 c6 23. Rae1 Qa8 24. Bc1 Qa6 25. Bf3 Qc4 26. Qg2 cxd5 27. exd5
Ng5 28. Bxg5 hxg5 29. h4 Kf8 30. hxg5 Ke7 31. Qd2 Rh8+ 32. Kg2 fxg5 33.
Qxg5+ Ke8 34. Re2 Bxd5 35. Qg6+ Bf7 36. Qxg7 Rg8 37. Qh6 Rxg4 38. Bxg4 Qxg4
39. f6 Kd7 40. Qg7 Qc4 41. Rh1 Qd5+ 42. Kh2 Qc4 43. Rd1 Kc6 44. Qh7 Kb5 45.
Rdd2 Rc6 46. Re4 Qe6 47. Qh4 Kb6 48. Rde2 Rc8 49. Rxa4 d5 50. Rg4 Bd6 51.
Kg2 e4 52. Rg7 Be5 53. Qh7 Rf8 54. Qf5 Qxf5 55. Nxf5 Bxf6 56. Rh7 Bg6 57.
Rh6 Rg8 58. Kh1 Bg5 59. Ne7 Bxh6 60. Nxg8 Bh5 61. Rh2 Bf3+ 62. Kg1 Bf4 63.
Rh7 Bc1 64. Nf6 e3 65. Re7 Kc6 66. Re6+ Kc7 67. Kf1 Bd2 68. a4 Bc1 69. a5
Bd2 70. b4 Kc8 71. Re8+ Kc7 72. b5 d4 73. cxd4 e2+ 74. Rxe2 Bxe2+ 75. Kxe2
Bxa5 76. Kd3 Be1 77. Ne4 Bh4 78. Kc4 Be7 79. Nc5 Bh4 80. Ne6+ Kd6 81. Nf4
Bf2 82. Nd3 Bg1 83. Nc5 Kc7 84. Na4 Kd6 85. Nc3 Be3 86. Ne4+ Kc7 87. Kc5
Bh6 88. Kb4 Bf8+ 89. Ka5 Bg7 90. d5 Bd4 91. Kb4 Bg1 92. Kc4 Kd7 93. Nc5+
Kc7 94. Ne6+ Kd7 95. Nc5+ Kc7 96. Nb3 Kd7 97. Nd2 Be3 98. Ne4 Bg1 99. Kc3
Kc7 100. Kb4 Kd7 101. Kc4 Be3 102. Nf6+ Kc7 103. Nh7 Kd7 104. Nf8+ Kc7 105.
Ne6+ Kd7 106. Nd4 Kc7 107. Nb3 Bf2 108. Na5 Bg1 109. Nb3 Kd7 110. Nc5+ Kc7
1/2-1/2

[Event "Coppa del Mondo FIDE 2025"]
[Site "Goa"]
[Date "11.11.2025"]
[Round "3A"]
[White "Le, Quang Liem"]
[Black "Karthik, Venkataraman"]
[Result "1/2-1/2"]
[WhiteElo "2729"]
[BlackElo "2579"]
[EventDate "2025.11.01"]
[EventType "k.o."]

1. d4 d5 2. Nf3 Nf6 3. c3 e6 4. Bf4 c5 5. e3 Qb6 6. Qb3 Bd7 7. Nbd2 Bc6 8.
h3 Nbd7 9. a4 Ne4 10. Qc2 Nxd2 11. Nxd2 a5 12. Bd3 h6 13. Nf3 Be7 14. Ne5
Nxe5 15. Bxe5 c4 16. Be2 O-O 17. O-O Qd8 18. b3 cxb3 19. Qxb3 Bd6 20. Bxd6
Qxd6 21. Rfb1 Rfc8 22. Qa3 Qc7 23. Rb3 b6 24. Rab1 Rab8 25. Ba6 Rd8 26. h4
g6 27. Bb5 Bxb5 28. Rxb5 Rd6 29. Qb2 Rc8 30. Rxb6 Rxb6 31. Qxb6 Qxb6 32.
Rxb6 Rc4 33. g4 Rxa4 34. g5 hxg5 35. Rb8+ Kg7 36. hxg5 Ra1+ 1/2-1/2

[Event "Coppa del Mondo FIDE 2025"]
[Site "Goa"]
[Date "11.11.2025"]
[Round "3A"]
[White "Shankland, Sam"]
[Black "Rapport, Richard"]
[Result "1/2-1/2"]
[WhiteElo "2654"]
[BlackElo "2724"]
[EventDate "2025.11.01"]
[EventType "k.o."]

1. e4 c5 2. Nf3 Nc6 3. Bb5 g6 4. O-O Bg7 5. h3 Nf6 6. e5 Nd5 7. Re1 O-O 8.
Nc3 Nc7 9. Bxc6 dxc6 10. d3 Be6 11. Be3 b6 12. Qd2 Bd5 13. Nxd5 cxd5 14. c3
Ne6 15. d4 Qd7 16. Bh6 cxd4 17. cxd4 Rfc8 18. Rac1 Qa4 19. Bxg7 Kxg7 20. a3
a5 21. h4 h6 22. g3 b5 23. Kg2 b4 24. axb4 Rxc1 25. Rxc1 Qxb4 26. Qxb4 axb4
27. Kf1 g5 28. hxg5 hxg5 29. Ke2 Ra2 30. Rb1 g4 31. Nh2 Nxd4+ 32. Kd3 Nb3
33. Nxg4 e6 34. Nf6 Na5 35. f4 Nc4 36. Kd4 Nxb2 37. Rh1 Ra8 38. Rh7+ Kg6
39. Rh5 Nc4 40. g4 Kg7 41. Rg5+ Kh6 1/2-1/2

[Event "Coppa del Mondo FIDE 2025"]
[Site "Goa"]
[Date "11.11.2025"]
[Round "3A"]
[White "Aronian, Levon"]
[Black "Wojtaszek, Radoslaw"]
[Result "1-0"]
[WhiteElo "2722"]
[BlackElo "2654"]
[EventDate "2025.11.01"]
[EventType "k.o."]

1. e4 e5 2. Nc3 Nf6 3. a3 d5 4. exd5 Nxd5 5. Qh5 Nc6 6. Bb5 Be7 7. Qxe5
Nxc3 8. Bxc6+ bxc6 9. Qxc3 O-O 10. Nf3 c5 11. d3 Bb7 12. Be3 Re8 13. O-O-O
Qd5 14. Rhe1 Qf5 15. Nd2 Bxg2 16. Rg1 Bf6 17. Qxc5 Qxc5 18. Bxc5 Bc6 19.
Nc4 h6 20. Rde1 a6 21. Kd2 Kh7 22. f4 Rxe1 23. Rxe1 Bh4 24. Re5 Re8 25. Be3
Rxe5 26. Nxe5 Be8 27. c4 Be7 28. d4 f6 29. Nd3 Kg6 30. d5 c6 31. Bc5 Bd8
32. d6 Kf5 33. Ba7 Ke6 34. c5 f5 35. Bb6 Bf6 36. Nb4 Bxb2 37. a4 1-0

[Event "Coppa del Mondo FIDE 2025"]
[Site "Goa"]
[Date "11.11.2025"]
[Round "3A"]
[White "Yu, Yangyi"]
[Black "Sindarov, Javokhir"]
[Result "1/2-1/2"]
[WhiteElo "2720"]
[BlackElo "2721"]
[EventDate "2025.11.01"]
[EventType "k.o."]

1. c4 e6 2. g3 d5 3. Bg2 Nf6 4. Nf3 Be7 5. O-O O-O 6. d4 dxc4 7. Qc2 a6 8.
a4 h6 9. Nbd2 Nc6 10. Qxc4 Nb4 11. Qb3 b5 12. axb5 Rb8 13. bxa6 Bxa6 14.
Qd1 c5 15. Nb3 cxd4 16. Nbxd4 Qb6 17. Bd2 Rfd8 18. Qa4 Bb7 19. Qa5 Qxa5 20.
Rxa5 Nc6 21. Nxc6 Bxc6 22. Bc3 Bb4 23. Raa1 Bxc3 24. bxc3 Rdc8 25. Rfc1 Bd5
26. Ne5 Bxg2 27. Kxg2 Rb2 28. Kf1 Rb5 29. f4 Ne4 30. c4 Rbc5 31. Rd1 f6 32.
Nd7 R5c6 33. Kg2 Nd6 34. c5 Ne4 35. Nb6 Rb8 36. Ra7 Nxc5 37. Nd7 Rb7 38.
Nxf6+ gxf6 39. Rd8+ Kg7 40. Rxb7+ Nxb7 41. Rd7+ Kg6 42. Rxb7 f5 43. Re7 Kf6
44. Rh7 Kg6 45. Rd7 Rc1 46. Rd3 Re1 47. Re3 Kf6 48. Re5 Rc1 49. Kh3 Rh1 50.
e3 h5 51. e4 h4 52. g4 fxg4+ 53. Kxh4 Rxh2+ 54. Kxg4 Re2 55. Kf3 Re1 56.
Ra5 Rf1+ 57. Kg3 Rg1+ 58. Kf2 Rb1 59. Ra6 Ke7 60. Kf3 Rf1+ 61. Ke3 Re1+ 62.
Kd4 Rb1 63. Ra7+ Kf6 64. e5+ Kf5 65. Rf7+ Kg4 66. Rf6 Rd1+ 67. Kc5 Rd5+ 68.
Kc6 Rd4 69. Kc7 Rd1 70. Kc6 Rd4 71. Kc5 Rd5+ 72. Kb6 Rd2 73. Kc6 Rd4
1/2-1/2

[Event "Coppa del Mondo FIDE 2025"]
[Site "Goa"]
[Date "12.11.2025"]
[Round "3B"]
[White "Sargsyan, Shant"]
[Black "Svane, Frederik"]
[Result "1/2-1/2"]
[WhiteElo "2667"]
[BlackElo "2638"]
[EventDate "2025.11.01"]
[EventType "k.o."]

1. d4 Nf6 2. c4 e6 3. Nf3 d5 4. g3 Be7 5. Bg2 O-O 6. O-O dxc4 7. Qa4 a6 8.
Qxc4 b5 9. Qc2 Bb7 10. Bd2 Be4 11. Qc1 c6 12. a4 Nbd7 13. Nc3 Bg6 14. Nh4
Bh5 15. h3 Nd5 16. axb5 axb5 17. Nxd5 cxd5 18. Bf3 Bxh4 19. Bxh5 Bf6 20. e3
Be7 21. Rxa8 Qxa8 22. Qc7 Nf6 23. Qxe7 Nxh5 24. Rc1 Rc8 25. Rc5 h6 26. Bc3
Nf6 27. Rxb5 Qa1+ 28. Kg2 Qb1 29. Rb7 Qe4+ 30. Kh2 Qg6 31. Rc7 Rxc7 32.
Qxc7 1/2-1/2

[Event "Coppa del Mondo FIDE 2025"]
[Site "Goa"]
[Date "12.11.2025"]
[Round "3B"]
[White "Erigaisi, Arjun"]
[Black "Leko, Peter"]
[Result "1/2-1/2"]
[WhiteElo "2773"]
[BlackElo "2666"]
[EventDate "2025.11.01"]
[EventType "k.o."]

1. d4 Nf6 2. c4 e6 3. Nc3 Bb4 4. Qc2 O-O 5. e4 d5 6. e5 Ne4 7. a3 Bxc3+ 8.
bxc3 c5 9. Bd3 cxd4 10. cxd4 Nc6 11. Ne2 Qa5+ 12. Kf1 f6 13. exf6 Rxf6 14.
Bxe4 dxe4 15. Be3 b5 16. cxb5 Qxb5 17. Kg1 Bb7 18. Ng3 Ne7 19. Rb1 Qc6 20.
Qxc6 Bxc6 21. h3 Nf5 22. Nh5 Rf7 23. Kh2 Nd6 24. Rhc1 Bd5 25. Rc5 Nb7 26.
Rc3 Nd6 27. a4 Nc4 28. Rb5 Raf8 29. Rb4 Nd6 30. a5 h6 31. a6 Kh7 32. Kg1 g5
33. g4 Kg6 34. Ng3 Rd8 35. Rc5 Ne8 36. Ne2 Nc7 1/2-1/2

[Event "Coppa del Mondo FIDE 2025"]
[Site "Goa"]
[Date "12.11.2025"]
[Round "3B"]
[White "Dubov, Daniil"]
[Black "Praggnanandhaa, R"]
[Result "1/2-1/2"]
[WhiteElo "2684"]
[BlackElo "2771"]
[EventDate "2025.11.01"]
[EventType "k.o."]

1. d4 Nf6 2. Nf3 d5 3. c4 e6 4. Nc3 Bb4 5. Bg5 dxc4 6. e4 c5 7. Bxc4 cxd4
8. Nxd4 Bxc3+ 9. bxc3 Qa5 10. Nb5 Nxe4 11. Qd4 O-O 12. Qxe4 a6 13. O-O axb5
14. Bd3 f5 15. Qe2 Bd7 16. Bd2 Qc7 17. Rfe1 Re8 18. c4 bxc4 19. Bxc4 Nc6
20. Rac1 Qd6 21. Bc3 Na5 22. Rcd1 Qe7 23. Rxd7 Qxd7 24. Bxe6+ Rxe6 25.
Qxe6+ Qxe6 26. Rxe6 Nc6 27. Re2 b5 28. Rb2 b4 29. Bxb4 Nxb4 30. Rxb4 Rxa2
1/2-1/2

[Event "Coppa del Mondo FIDE 2025"]
[Site "Goa"]
[Date "12.11.2025"]
[Round "3B"]
[White "Donchenko, Alexander"]
[Black "Bluebaum, Matthias"]
[Result "1-0"]
[WhiteElo "2641"]
[BlackElo "2687"]
[EventDate "2025.11.01"]
[EventType "k.o."]

1. c4 e6 2. Nc3 d5 3. d4 Be7 4. cxd5 exd5 5. Bf4 Nf6 6. e3 O-O 7. h3 c5 8.
Nf3 Nc6 9. Bb5 cxd4 10. Nxd4 Qb6 11. O-O Nxd4 12. Qxd4 Qxd4 13. exd4 Be6
14. Bd3 a6 15. Na4 Nd7 16. b4 Bf6 17. Be3 Nb8 18. Nb6 Ra7 19. f4 Bd8 20.
Na4 Nc6 21. a3 f5 22. Rac1 Bf6 23. Rfe1 Raa8 24. Nc5 Bc8 25. Bb1 Nxd4 26.
Ba2 Rd8 27. Bf2 Kf8 28. Na4 b5 29. Nb6 Rb8 30. Nxd5 Rd6 31. Nxf6 gxf6 32.
Kf1 Bb7 33. Rc7 Be4 34. Rxh7 Rbd8 35. Rd1 Ne6 36. Rh8+ Ke7 37. Rxd8 Rxd8
38. Rxd8 Nxd8 39. Bc5+ Kd7 40. h4 Ne6 41. g3 Bd3+ 42. Ke1 Ng7 43. Bf7 Bc4
44. Bg6 1-0

[Event "Coppa del Mondo FIDE 2025"]
[Site "Goa"]
[Date "12.11.2025"]
[Round "3B"]
[White "Yakubboev, Nodirbek"]
[Black "Pranav, V"]
[Result "1-0"]
[WhiteElo "2689"]
[BlackElo "2641"]
[EventDate "2025.11.01"]
[EventType "k.o."]

1. e4 e5 2. Nf3 Nc6 3. d4 exd4 4. Nxd4 Nf6 5. Nxc6 bxc6 6. e5 Qe7 7. Qe2
Nd5 8. c4 Ba6 9. Nd2 f6 10. g3 fxe5 11. Bg2 Nf6 12. O-O Qe6 13. a3 Bc5 14.
b4 Bd4 15. Rb1 Rb8 16. Bb2 Bxb2 17. Rxb2 O-O 18. Rc1 c5 19. Nb3 cxb4 20.
Nc5 Qd6 21. axb4 Bc8 22. Ra1 a6 23. h3 Qe7 24. Qe1 Rb6 25. Na4 Rd6 26. Re2
Qf7 27. Rxe5 Qxc4 28. Rc5 Qd4 29. Rxc7 Re6 30. Qd1 Qxb4 31. Qc2 Rc6 32.
Bxc6 dxc6 33. Qxc6 Bxh3 34. Nc3 h6 35. Qxa6 Ng4 36. Qe6+ Kh8 37. Qd7 Rg8
38. Ra8 1-0

[Event "Coppa del Mondo FIDE 2025"]
[Site "Goa"]
[Date "12.11.2025"]
[Round "3B"]
[White "Keymer, Vincent"]
[Black "Esipenko, Andrey"]
[Result "1/2-1/2"]
[WhiteElo "2755"]
[BlackElo "2693"]
[EventDate "2025.11.01"]
[EventType "k.o."]

1. c4 e6 2. Nc3 d5 3. d4 Be7 4. cxd5 exd5 5. Bf4 Nf6 6. e3 O-O 7. Bd3 c5 8.
Nge2 Nc6 9. O-O cxd4 10. Nxd4 Nxd4 11. exd4 Bg4 12. Qb3 Bd6 13. Be5 Be6 14.
Nb5 Bxe5 15. dxe5 Nd7 16. Rfe1 Qb6 17. Bf1 Rac8 18. Rad1 Rc4 19. Qe3 Qxe3
20. Rxe3 Rc2 21. Rb3 Nxe5 22. f4 Bg4 23. Rxd5 Ng6 24. f5 Ne7 25. Re5 Nc6
26. Re1 Rd2 27. Nc3 Rd7 28. Rb5 Ne7 29. Rbe5 Nc6 30. Rb5 Ne7 31. f6 Ng6 32.
fxg7 Kxg7 33. Bc4 b6 34. Rg5 Rd4 35. Bb3 f6 36. Rd5 Rd8 37. h3 R8xd5 38.
Bxd5 Bd7 39. Kf2 f5 40. Ke3 Rb4 41. b3 f4+ 42. Kd3 Bf5+ 43. Be4 Ne5+ 44.
Kc2 Kg6 45. Bxf5+ Kxf5 46. Rd1 f3 47. g3 Nc6 48. Kd2 Rd4+ 49. Ke3 Rxd1 50.
Nxd1 Nb4 51. Nc3 Ke5 52. g4 f2 53. Kxf2 Kf4 54. Kg2 Nd3 55. a3 Ne1+ 56. Kf1
Nc2 57. Nb5 Ke5 1/2-1/2

[Event "Coppa del Mondo FIDE 2025"]
[Site "Goa"]
[Date "12.11.2025"]
[Round "3B"]
[White "Maghsoodloo, Parham"]
[Black "Wei, Yi"]
[Result "1/2-1/2"]
[WhiteElo "2697"]
[BlackElo "2754"]
[EventDate "2025.11.01"]
[EventType "k.o."]

1. e4 e5 2. Nf3 Nf6 3. d4 Nxe4 4. dxe5 d5 5. Nbd2 Be7 6. Nxe4 dxe4 7. Qxd8+
Bxd8 8. Nd4 Nd7 9. Bf4 g5 10. Bg3 h5 11. h3 h4 12. Bh2 Nc5 13. Bc4 c6 14.
a3 a5 15. Be2 Bb6 16. O-O-O Nd3+ 17. Bxd3 Bxd4 18. Bxe4 Bxf2 19. Rd3 Be6
20. g4 Ke7 21. Bg1 Bxg1 22. Rxg1 Rhd8 23. Re1 Rxd3 24. Bxd3 Rd8 25. Kd2 Rd4
26. Ke3 Rf4 27. Rf1 Rxf1 28. Bxf1 Bd5 29. c4 Bh1 30. b4 axb4 31. axb4 Ke6
32. Kd4 b6 33. c5 bxc5+ 34. bxc5 Ke7 35. Ke3 Ke6 36. Kd4 Ke7 37. Ke3 f6 38.
Kd4 Bd5 39. Bd3 Bg2 40. Be4 Bxh3 41. exf6+ Kxf6 42. Bxc6 Bxg4 43. Bb7 Ke7
44. Ke5 Be6 45. Bh1 g4 46. Kf4 g3 47. Be4 Kd7 48. Bg2 Kc7 49. c6 Kd6 50.
Bh1 Kc5 51. Bg2 Kb6 52. Be4 Bf5 53. Bg2 Bc8 54. Be4 Kb5 55. Bg2 Kc5 56. c7
Kd6 57. Kg5 h3 58. Bxh3 Bxh3 59. Kh4 g2 60. Kxh3 g1=N+ 1/2-1/2

[Event "Coppa del Mondo FIDE 2025"]
[Site "Goa"]
[Date "12.11.2025"]
[Round "3B"]
[White "Martinez Alcantara, Jose Eduardo"]
[Black "Sarana, Alexey"]
[Result "1/2-1/2"]
[WhiteElo "2644"]
[BlackElo "2661"]
[EventDate "2025.11.01"]
[EventType "k.o."]

1. e4 c5 2. Nf3 Nc6 3. c3 Nf6 4. e5 Nd5 5. d4 cxd4 6. Bc4 Nb6 7. Bb3 d6 8.
exd6 Qxd6 9. O-O d3 10. Na3 Bf5 11. Nb5 Qd7 12. Bf4 Rc8 13. Nxa7 Nxa7 14.
Ne5 Qb5 15. Bxf7+ Kd8 16. Bb3 Ke8 17. Bf7+ Kd8 18. Bb3 Ke8 19. Bf7+ Kd8 20.
Bb3 Ke8 1/2-1/2

[Event "Coppa del Mondo FIDE 2025"]
[Site "Goa"]
[Date "12.11.2025"]
[Round "3B"]
[White "Harikrishna, Pentala"]
[Black "Grandelius, Nils"]
[Result "1/2-1/2"]
[WhiteElo "2697"]
[BlackElo "2645"]
[EventDate "2025.11.01"]
[EventType "k.o."]

1. e4 e5 2. Nf3 Nc6 3. Bc4 Nf6 4. d3 h6 5. c3 g6 6. d4 exd4 7. e5 Nh7 8.
O-O Bg7 9. cxd4 O-O 10. Nc3 d6 11. h3 dxe5 12. dxe5 Qxd1 13. Rxd1 Nxe5 14.
Nxe5 Bxe5 15. Bxh6 Re8 16. Re1 Bd7 17. Rad1 Bc6 18. Nb5 Nf6 19. Nd4 Be4 20.
b4 Rad8 21. Nb3 Bc3 22. Rxd8 Rxd8 23. Rc1 Bxb4 24. Bg5 Kg7 25. Be2 Bd6 26.
Nd2 Re8 27. Nxe4 Nxe4 28. Be3 Be5 29. Bf3 Nc3 30. Bd2 Na4 31. Bxb7 Rb8 32.
Be4 Rb2 33. Rc2 Rb1+ 34. Rc1 Rxc1+ 35. Bxc1 Nc3 36. Bb2 Ne2+ 37. Kf1 Ng3+
38. fxg3 Bxb2 1/2-1/2

[Event "Coppa del Mondo FIDE 2025"]
[Site "Goa"]
[Date "12.11.2025"]
[Round "3B"]
[White "Lodici, Lorenzo"]
[Black "Sevian, Samuel"]
[Result "1/2-1/2"]
[WhiteElo "2560"]
[BlackElo "2698"]
[EventDate "2025.11.01"]
[EventType "k.o."]

1. e4 e5 2. Nf3 Nc6 3. Bc4 Bc5 4. c3 Nf6 5. d3 d6 6. O-O h6 7. Re1 Bb6 8.
Bb3 O-O 9. Nbd2 Ne7 10. Nc4 Be6 11. d4 Ng6 12. dxe5 Bxc4 13. exf6 Bxb3 14.
axb3 Qxf6 15. Be3 Rfe8 16. Bd4 Ne5 17. Nxe5 dxe5 18. Bxb6 Rad8 19. Qc2 Qxb6
20. Red1 a5 21. h4 c6 22. h5 Re6 23. g3 Red6 24. Kg2 Kh7 25. Rxd6 Rxd6 26.
Rd1 Rxd1 27. Qxd1 f6 28. Qd7 Qxb3 29. Qf5+ Kh8 30. Qc8+ Kh7 31. Qf5+ Kh8
32. Qc8+ Kh7 1/2-1/2

[Event "Coppa del Mondo FIDE 2025"]
[Site "Goa"]
[Date "12.11.2025"]
[Round "3B"]
[White "Grebnev, Aleksey"]
[Black "Vachier-Lagrave, Maxime"]
[Result "1/2-1/2"]
[WhiteElo "2611"]
[BlackElo "2737"]
[EventDate "2025.11.01"]
[EventType "k.o."]

1. e4 c5 2. Nf3 d6 3. Bb5+ Bd7 4. Bxd7+ Qxd7 5. O-O Nc6 6. c3 d5 7. e5 e6
8. d4 cxd4 9. cxd4 Bb4 10. a3 Ba5 11. b4 Bb6 12. Qd3 Nge7 13. Nbd2 O-O 14.
Nb3 f6 15. exf6 Rxf6 16. b5 Na5 17. Ne5 Qe8 18. Nxa5 Bxa5 19. Bg5 Rf5 20.
Bh4 Rf8 21. Rac1 Nf5 22. Bg3 Rc8 23. Nf3 Qg6 24. Qe2 h6 25. Be5 Qg4 26. Qd1
Qe4 27. Qa4 Bb6 28. Qb4 Qd3 29. Rfd1 Qe2 30. Re1 Qd3 31. Red1 Qe2 32. Re1
1/2-1/2

[Event "Coppa del Mondo FIDE 2025"]
[Site "Goa"]
[Date "12.11.2025"]
[Round "3B"]
[White "Sargissian, Gabriel"]
[Black "Liang, Awonder"]
[Result "1/2-1/2"]
[WhiteElo "2624"]
[BlackElo "2710"]
[EventDate "2025.11.01"]
[EventType "k.o."]

1. d4 d5 2. Nf3 Nf6 3. c4 e6 4. g3 Be7 5. Bg2 O-O 6. O-O dxc4 7. Qc2 a6 8.
a4 Bd7 9. Qxc4 Bc6 10. Bg5 Bd5 11. Qc2 Be4 12. Qd1 h6 13. Bxf6 Bxf6 14. Nc3
Bxf3 15. Bxf3 c6 16. e3 Nd7 17. a5 Be7 18. Qa4 Qc7 19. Qc4 Nf6 20. b4 Bd6
21. Na4 e5 22. dxe5 Bxe5 23. Rad1 Rad8 24. Nc5 Nd7 25. Ne4 Nf6 26. Nc5 Nd7
27. Ne4 Nf6 28. Nc5 Nd7 29. Ne4 Nf6 30. Nc5 Nd7 1/2-1/2

[Event "Coppa del Mondo FIDE 2025"]
[Site "Goa"]
[Date "12.11.2025"]
[Round "3B"]
[White "Karthik, Venkataraman"]
[Black "Le, Quang Liem"]
[Result "0-1"]
[WhiteElo "2579"]
[BlackElo "2729"]
[EventDate "2025.11.01"]
[EventType "k.o."]

1. d4 Nf6 2. c4 e6 3. Nc3 Bb4 4. e3 O-O 5. Bd3 Re8 6. Ne2 d5 7. O-O Nbd7 8.
Qc2 a6 9. a3 Bf8 10. Rd1 h6 11. b3 dxc4 12. bxc4 c5 13. h3 b6 14. Ne4 Bb7
15. Nxf6+ Qxf6 16. Bh7+ Kh8 17. Be4 Bxe4 18. Qxe4 cxd4 19. exd4 Qf5 20. Qb7
Red8 21. Rd2 Qa5 22. Qf3 Kg8 23. Qb3 b5 24. cxb5 axb5 25. Rd1 b4 26. d5 Nc5
27. Qf3 Qa4 28. Bxh6 bxa3 29. Nc3 Qc4 30. Bg5 Rdc8 31. d6 Nd7 32. Na2 Qc5
33. Qg3 Rc6 34. Be3 Qf5 35. Bg5 g6 36. Be7 Bg7 37. Rac1 Rc2 38. Nb4 Be5 39.
Qe3 Rxc1 40. Rxc1 a2 41. Nxa2 Bf4 42. Qd4 Bxc1 43. Nxc1 Qc2 44. Bg5 Ra4 45.
Qd2 Qxd2 46. Bxd2 Rd4 47. Be3 Rxd6 48. f4 Nf6 49. Kf2 Nd5 50. Bd2 Ra6 51.
Nd3 Ra2 52. Ke1 f6 53. g4 Kf7 54. g5 Ra4 55. h4 e5 56. fxe5 f5 57. e6+ Ke7
58. Kd1 Re4 59. Be1 Rxe6 60. Bf2 f4 61. Nc5 Rc6 62. Ke2 Kd6 63. Kf3 Ke5 64.
Bg1 Kf5 65. Ne4 Re6 66. Nd2 Re1 67. Bf2 Rd1 68. Nc4 Nc3 0-1

[Event "Coppa del Mondo FIDE 2025"]
[Site "Goa"]
[Date "12.11.2025"]
[Round "3B"]
[White "Rapport, Richard"]
[Black "Shankland, Sam"]
[Result "1/2-1/2"]
[WhiteElo "2724"]
[BlackElo "2654"]
[EventDate "2025.11.01"]
[EventType "k.o."]

1. Nf3 Nf6 2. c4 c5 3. g3 g6 4. Bg2 Bg7 5. d4 O-O 6. Nc3 d5 7. dxc5 Qa5 8.
O-O dxc4 9. Qd4 Nc6 10. Qxc4 Be6 11. Qh4 Qxc5 12. Ng5 Qc4 13. Bf4 h5 14.
Nxe6 Qxe6 15. Qg5 Rad8 16. Rad1 Nd4 17. Qe5 Qb6 18. e3 Ne6 19. Qb5 Qxb5 20.
Nxb5 a6 21. Nd4 Nxf4 22. gxf4 Rd7 23. Nb3 Rfd8 24. Rxd7 Rxd7 25. Rc1 e6 26.
Rc8+ Kh7 27. Bf3 Nd5 28. Nc5 Rc7 29. Rxc7 Nxc7 30. b3 b5 31. a4 bxa4 32.
bxa4 Bf8 33. Nd3 Kg7 34. Kf1 a5 35. Ke2 Na6 36. Ne5 Bb4 37. Bc6 Nc5 38. Be8
f6 39. Nf3 Bc3 40. h4 Bb4 41. Nd4 Bc3 42. Nf3 Bb4 43. Bc6 Bc3 44. e4 Kf7
45. Ke3 e5 46. fxe5 1/2-1/2

[Event "Coppa del Mondo FIDE 2025"]
[Site "Goa"]
[Date "12.11.2025"]
[Round "3B"]
[White "Wojtaszek, Radoslaw"]
[Black "Aronian, Levon"]
[Result "1/2-1/2"]
[WhiteElo "2654"]
[BlackElo "2722"]
[EventDate "2025.11.01"]
[EventType "k.o."]

1. d4 d5 2. c4 e6 3. Nc3 Nf6 4. cxd5 exd5 5. Bg5 c6 6. e3 h6 7. Bh4 Be7 8.
Bd3 O-O 9. Nge2 Re8 10. f3 a5 11. O-O b5 12. Rc1 Nbd7 13. Bf2 a4 14. Ng3
Ba6 15. e4 dxe4 16. fxe4 b4 17. Bxa6 bxc3 18. Bb7 cxb2 19. Rb1 a3 20. Qf3
Qa5 21. Nf5 Bf8 22. e5 Qd5 23. Bxa8 Rxa8 24. exf6 Nxf6 25. Qxd5 Nxd5 26.
Be1 g6 27. Ng3 c5 28. Ne2 cxd4 29. Rf3 Rc8 30. Bd2 Rc2 31. Rd3 Bb4 32. Bxb4
Nxb4 33. Nxd4 Rc5 34. Rd2 Nxa2 35. Rbxb2 1/2-1/2

[Event "Coppa del Mondo FIDE 2025"]
[Site "Goa"]
[Date "12.11.2025"]
[Round "3B"]
[White "Sindarov, Javokhir"]
[Black "Yu, Yangyi"]
[Result "1/2-1/2"]
[WhiteElo "2721"]
[BlackElo "2720"]
[EventDate "2025.11.01"]
[EventType "k.o."]

1. e4 e5 2. Nf3 Nf6 3. d4 Nxe4 4. Bd3 d5 5. Nxe5 Nd7 6. Nxd7 Bxd7 7. O-O
Bd6 8. Nc3 Nxc3 9. bxc3 O-O 10. Qh5 f5 11. Rb1 b6 12. Re1 Qf6 13. Qf3 Qf7
14. Bf4 Rae8 15. h4 Re6 16. Bxd6 cxd6 17. Rxe6 Qxe6 18. a4 g6 19. Ra1 Kg7
20. a5 b5 21. a6 h6 22. Rb1 Rb8 23. Kf1 Qf7 24. Re1 Rc8 25. Qe3 Re8 26. Qf4
Rxe1+ 27. Kxe1 Qe7+ 28. Kd2 g5 29. hxg5 Qxg5 30. Qxg5+ hxg5 31. Kc1 Kf6 32.
Kb2 Ke7 33. Kb3 Kd8 34. Kb4 Kc7 35. Bxb5 Bc8 36. Ka5 Be6 37. Be8 f4 38. Bg6
Kc6 39. g3 fxg3 40. fxg3 Kc7 41. Bh7 Kc6 42. Bd3 Kc7 43. Bg6 Kc6 44. Be8+
Kc7 45. Kb5 Bg4 46. Bf7 Be2+ 47. Ka5 Kc6 48. Be6 Bf1 49. Bg4 Bc4 50. Bh5
Kc7 51. Bf7 Kd7 52. Bg6 Be2 53. Bd3 Bf3 54. Kb5 Kc7 55. c4 dxc4 56. Kxc4
Kb6 57. Kb4 d5 58. Bb5 Bg4 59. Bf1 Kc6 60. Bb5+ Kd6 1/2-1/2

[Event "Coppa del Mondo FIDE 2025"]
[Site "Goa"]
[Date "13.11.2025"]
[Round "3C"]
[White "Svane, Frederik"]
[Black "Sargsyan, Shant"]
[Result "1-0"]
[WhiteElo "2638"]
[BlackElo "2667"]
[EventDate "2025.11.01"]
[EventType "k.o."]

1. e4 e5 2. Nf3 Nc6 3. Bc4 Nf6 4. d3 Be7 5. O-O O-O 6. Re1 d6 7. a3 Be6 8.
Nc3 a5 9. h3 Bxc4 10. dxc4 Nb8 11. c5 Re8 12. Qe2 Nbd7 13. cxd6 Bxd6 14.
Rd1 Qb8 15. Be3 c6 16. Rd2 Nc5 17. Bg5 Be7 18. Qe3 Ne6 19. Bxf6 Bxf6 20.
Na4 Be7 21. Nb6 Bc5 22. Qb3 Bxb6 23. Qxb6 Ra6 24. Qe3 Qc7 25. Rad1 Nf8 26.
h4 h6 27. h5 Qe7 28. g3 Raa8 29. Kg2 a4 30. Rd6 f6 31. Nh4 Qf7 32. Qe2 Ne6
33. Nf5 Nd4 34. Nxd4 exd4 35. R1xd4 Re7 36. Qg4 Ra5 37. Qg6 Qxg6 38. hxg6
Kf8 39. Rd8+ Re8 40. R4d7 Rxd8 41. Rxd8+ Ke7 42. Rg8 Rb5 43. Rxg7+ Kf8 44.
Rf7+ Kg8 45. Rxf6 Kg7 46. Rd6 Rxb2 47. f4 Rxc2+ 48. Kh3 Re2 49. e5 h5 50.
g4 Re4 51. Kg3 h4+ 52. Kxh4 Rxf4 53. Kg5 Rf3 54. Rd7+ Kg8 55. e6 Re3 56. e7
1-0

[Event "Coppa del Mondo FIDE 2025"]
[Site "Goa"]
[Date "13.11.2025"]
[Round "3C"]
[White "Leko, Peter"]
[Black "Erigaisi, Arjun"]
[Result "0-1"]
[WhiteElo "2666"]
[BlackElo "2773"]
[EventDate "2025.11.01"]
[EventType "k.o."]

1. e4 e5 2. Nf3 Nc6 3. Bb5 a6 4. Ba4 Bc5 5. c3 Nge7 6. d4 exd4 7. cxd4 Bb4+
8. Bd2 Bxd2+ 9. Qxd2 d5 10. exd5 Qxd5 11. Nc3 Qe6+ 12. Ne5 O-O 13. O-O-O
Nxe5 14. Rhe1 Qb6 15. Rxe5 Ng6 16. Ree1 Be6 17. h4 Nxh4 18. Rh1 Ng6 19. d5
Rad8 20. Qg5 h6 21. Qh5 Bd7 22. Bxd7 Rxd7 23. Rd2 Re8 24. g3 Ne5 25. Qf5
Qg6 26. Qxg6 fxg6 27. b3 Nf3 28. Rd3 Rf7 29. Kd1 g5 30. Na4 b6 31. d6 cxd6
32. Nxb6 Ne5 33. Rxd6 Rxf2 34. Rd2 Ng4 35. Nc4 Rf3 36. Rg1 h5 37. Rd5 Nf2+
38. Kc1 Re2 39. Nd2 Rc3+ 40. Kb2 Ne4 0-1